Catalog

Record Details

Catalog Search



The trouble with brides : three novels in one volume  Cover Image Book Book

The trouble with brides : three novels in one volume / Deeanne Gist.

Gist, Deeanne. (Author).

Summary:

A bride most begrudging (2005): a British lady who is taken to the colonies against her will as a "tobacco bride." The colonial farmer who "wins" her realizes he has gotten more than he bargained for in the ensuing battle of wills.
Courting trouble (2007): In 1890s Texas, being a single woman at 30meant you were practically a spinster. Tired of leaving it up to providence, Essie takes matters into her own hands, casting her sights on the towns remaining bachelors and widowers. Surely with one of them she can find a match made in heaven, even if shes decides to leave God out of it.
Deep in the heart of trouble (2008): Essie Spreckelmeyer is the last woman anyone in Corsicana, Texas, expected to see with a man on her arm. Independent and outspoken, she's known more for riding bicycles in outrageous bloomers than for catching a man's eye.

Record details

  • ISBN: 9780764208935 (hbk.)
  • ISBN: 0764208934
  • Physical Description: 241, 210, 241 p. ; 24 cm.
  • Publisher: Minneapolis, Minn. : Bethany House, [2011]

Content descriptions

Formatted Contents Note:
Bride most begrudging -- Courting trouble -- Deep in the heart of trouble.
Subject: Man-woman relationships > Fiction.
Plantation owners' spouses > Fiction.
Arranged marriage > Fiction.
Plantation life > Fiction.
Single women > Fiction.
Oil well drilling > Fiction.
Virginia > History > Colonial period, ca. 1600-1775 > Fiction.
Corsicana (Tex.) > History > 19th century > Fiction.
Genre: Love stories.
Christian fiction.
Historical fiction.

Available copies

  • 1 of 1 copy available at scottsboropl.

Holds

  • 0 current holds with 1 total copy.
Show Only Available Copies
Location Call Number / Copy Notes Barcode Shelving Location Status Due Date
scottsboropl F Gis 32269000939010 Adult - Fiction Available -

LDR 02365nam a2200457 a 4500
001136764
003CONS
00520140703073309.0
008100912s2011 mnu 000 1 eng
010 . ‡a 2010037209
019 . ‡a732790430
020 . ‡a9780764208935 (hbk.)
020 . ‡a0764208934
035 . ‡a(CPomAG)LMN564922
05000. ‡aPS3607.I55 ‡bT76 2011
08200. ‡a813/.6 ‡222
1001 . ‡aGist, Deeanne.
24514. ‡aThe trouble with brides : ‡bthree novels in one volume / ‡cDeeanne Gist.
260 . ‡aMinneapolis, Minn. : ‡bBethany House, ‡c[2011]
300 . ‡a241, 210, 241 p. ; ‡c24 cm.
5050 . ‡aBride most begrudging -- Courting trouble -- Deep in the heart of trouble.
520 . ‡aA bride most begrudging (2005): a British lady who is taken to the colonies against her will as a "tobacco bride." The colonial farmer who "wins" her realizes he has gotten more than he bargained for in the ensuing battle of wills.
520 . ‡aCourting trouble (2007): In 1890s Texas, being a single woman at 30meant you were practically a spinster. Tired of leaving it up to providence, Essie takes matters into her own hands, casting her sights on the towns remaining bachelors and widowers. Surely with one of them she can find a match made in heaven, even if shes decides to leave God out of it.
520 . ‡aDeep in the heart of trouble (2008): Essie Spreckelmeyer is the last woman anyone in Corsicana, Texas, expected to see with a man on her arm. Independent and outspoken, she's known more for riding bicycles in outrageous bloomers than for catching a man's eye.
650 0. ‡aMan-woman relationships ‡vFiction.
650 0. ‡aPlantation owners' spouses ‡vFiction.
650 0. ‡aArranged marriage ‡vFiction.
650 0. ‡aPlantation life ‡vFiction.
650 0. ‡aSingle women ‡vFiction.
650 0. ‡aOil well drilling ‡vFiction.
651 0. ‡aVirginia ‡xHistory ‡yColonial period, ca. 1600-1775 ‡vFiction.
651 0. ‡aCorsicana (Tex.) ‡xHistory ‡y19th century ‡vFiction.
653 . ‡aLove stories.
653 . ‡aChristian fiction.
653 . ‡aHistorical fiction.
655 0. ‡aLove stories.
655 0. ‡aChristian fiction.
655 0. ‡aHistorical fiction.
914 . ‡aSCP_jd
959 . ‡i32269000939010 ‡lF Gis ‡aAdult - Fiction ‡tFiction ‡g20.00
852 . ‡p32269000939010 ‡jF Gis ‡gAdult - Fiction ‡cFiction ‡y20.00 ‡bSBPL
901 . ‡a136764 ‡bUnknown ‡c136764 ‡tbiblio

Additional Resources